Canción atlántica (Record no. 67303)

MARC details
000 -LEADER
campo de control de longitud fija 00951nam a2200289 i 4500
001 - NÚMERO DE CONTROL
campo de control 67303
003 - IDENTIFICADOR DE NÚMERO DE CONTROL
campo de control ES-MaACL
005 - FECHA Y HORA DE LA ÚLTIMA TRANSACCIÓN
campo de control 20240429101132.0
007 - CAMPO FIJO DE DESCRIPCIÓN FÍSICA--INFORMACIÓN GENERAL
campo de control de longitud fija t|
008 - DATOS DE LONGITUD FIJA--INFORMACIÓN GENERAL
campo de control de longitud fija 040518s2003 sp ||||0| spa d
020 ## - NÚMERO INTERNACIONAL ESTÁNDAR DEL LIBRO
Número Internacional Estándar del Libro 84-8310-897-6
040 ## - FUENTE DE CATALOGACIÓN
Centro catalogador/agencia de origen M-BN
Lengua de catalogación spa
Centro/agencia transcriptor M-BN
080 ## - NÚMERO DE LA CLASIFICACIÓN DECIMAL UNIVERSAL
Número de la Clasificación Decimal Universal 821.134.2-14"19"
100 1# - ENTRADA PRINCIPAL--NOMBRE DE PERSONA
Nombre de persona Padorno, Manuel.
9 (RLIN) 88199
245 10 - MENCIÓN DEL TÍTULO
Título Canción atlántica
Resto del título : los cuatro libros de poesía, 1997-2002 /
Mención de responsabilidad, etc. Manuel Padorno ; edición de Josefina Betancor.
250 ## - MENCION DE EDICION
Mención de edición 1ª ed.
260 ## - PUBLICACIÓN, DISTRIBUCIÓN, ETC.
Lugar de publicación, distribución, etc. Barcelona :
Nombre del editor, distribuidor, etc. Tusquets,
Fecha de publicación, distribución, etc. 2003.
300 ## - DESCRIPCIÓN FÍSICA
Extensión 364 p. ;
Dimensiones 21 cm.
490 1# - MENCIÓN DE SERIE
Mención de serie Marginales. Nuevos textos sagrados ;
Designación de volumen o secuencia 215
500 ## - NOTA GENERAL
Nota general Indice.
505 8# - NOTA DE CONTENIDO CON FORMATO
Nota de contenido con formato Para mayor gloria ; Hacia otra realidad ; El otro lado ; Fantasía del retorno
700 1# - ENTRADA AGREGADA--NOMBRE PERSONAL
Nombre de persona Betancor, Josefina.
9 (RLIN) 28631
830 00 - PUNTO DE ACCESO ADICIONAL DE SERIE-TÍTULO UNIFORME
Título uniforme Marginales.
Nombre de parte o sección de la obra Nuevos textos sagrados ;
Designación de volumen o secuencia 215
9 (RLIN) 236111
852 ## - LOCALIZACIÓN
Ubicación ES-MaACL
Número de control de estantería L-27529
Sublocalización o colección R.133283
942 ## - ELEMENTOS DE ENTRADA SECUNDARIOS (KOHA)
Fuente del sistema de clasificación o colocación Clasificación decimal universal
Holdings
Estatus retirado Estado de pérdida Estado de daño No para préstamo Biblioteca de origen Biblioteca actual Ubicación en estantería Fecha de adquisición Fuente de adquisición Total de préstamos Signatura topográfica completa Código de barras Visto por última vez Precio de reemplazo Tipo de ítem Koha
        Biblioteca del Ateneo de Madrid Biblioteca del Ateneo de Madrid Depósito 2 17/01/2008     L-27529 1070481 23/02/2023 23/02/2023 Libro impreso